000 00456nam a2200157 4500
999 _c1239
_d1239
008 200115b ||||| |||| 00| 0 eng d
082 0 0 _a669.05
_bH6361
100 _9826
_aHiggins, Raymond A.
245 1 0 _aEngineering metallurgy: metallurgical process technology
_cby Raymond A. Higgins
250 _a2nd ed.
260 _aLondon
_bEnglish Universities Press
_c1970
300 _axii, 467 p.
490 0 _vPart 2
650 0 _aMetallurgy
942 _2ddc
_cBK